Scotland Council Quiz - Aberdeen City - Statistics

General Stats
  • This quiz has been taken 291 times
  • The average score is 9 of 15
Answer Stats
Hint Answer % Correct
Nickname for Aberdeen due to the local stone from which many buildings are constructed {Granite} City
99%
Once this natural resource was discovered in the 1970s Aberdeen saw huge economic growth North Sea {Oil}
95%
Name given to a person from Aberdeen Aberdonian
88%
The two major rivers which enter the North Sea at Aberdeen Dee
88%
Don
82%
Home ground of the professional football club Aberdeen F.C. Pittodrie Stadium
71%
The motto of Aberdeen Bon {Accord}
68%
An outbreak of this disease in 1647 killed a quarter of Aberdeen's population Bubonic Plague
68%
Singer-songwriter from Aberdeen who found fame in the 1980s with the 'Eurythmics' Annie Lennox
57%
Aberdeen museum named after this long lasting British Army infantry regiment The {Gordon} Highlanders
45%
Astronomer James Gregory from Aberdeen, described an early design for this device Reflecting {telescope}
42%
Aberdeen born football player who became one of the 'Holy Trinity' at Manchester United Denis Law
41%
Aberdeen born actor Graeme Garden is best known as a member of this TV comedy trio The Goodies
27%
The Coat of Arms of Aberdeen is described as having "three towers within a double tressure" supported by two of these animals, though they are sometimes depicted differently Leopard
24%
Aberdeen was granted Royal burgh status by this 12th century Scottish king David I
16%
No matching quizzes found
Score Distribution
Percent of People with Each Score
Percentile by Number Answered
Your Score History
You have not taken this quiz